Thuế và kế toán thuế trong doanh nghiệp : Thuế thu nhập doanh nghiệp, thuế giá trị gia tăng, thuế tiêu thụ đặc biệt, thuế xuất nhập khẩu

Sách hệ thống hóa những kiến thức cơ bản về các sắc thuế đang được áp dụng liên quan đến hoạt động của các doanh nghiệp đồng thời như một cẩm nang hướng dẫn các doanh nghiệp tính và kê khai các loại thuế....

Ausführliche Beschreibung

Gespeichert in:
Bibliographische Detailangaben
1. Verfasser: Nghiêm, Văn Lợi
Format: Buch
Sprache:Undetermined
Veröffentlicht: Hà Nội Tài chính 2008
Schlagworte:
Tags: Tag hinzufügen
Keine Tags, Fügen Sie den ersten Tag hinzu!
Thư viện lưu trữ: Trung tâm Học liệu Trường Đại học Cần Thơ
LEADER 01154nam a2200217Ia 4500
001 CTU_139710
008 210402s9999 xx 000 0 und d
020 |c 68000 
082 |a 657.46 
082 |b L462 
100 |a Nghiêm, Văn Lợi 
245 0 |a Thuế và kế toán thuế trong doanh nghiệp : 
245 0 |b Thuế thu nhập doanh nghiệp, thuế giá trị gia tăng, thuế tiêu thụ đặc biệt, thuế xuất nhập khẩu 
245 0 |c Nghiêm Văn Lợi, Nguyễn Minh Đức 
260 |a Hà Nội 
260 |b Tài chính 
260 |c 2008 
520 |a Sách hệ thống hóa những kiến thức cơ bản về các sắc thuế đang được áp dụng liên quan đến hoạt động của các doanh nghiệp đồng thời như một cẩm nang hướng dẫn các doanh nghiệp tính và kê khai các loại thuế. 
650 |a Managerial accounting,Tax accounting,Quản trị thuế,Kế toán thuế 
904 |i Trọng Hải 
980 |a Trung tâm Học liệu Trường Đại học Cần Thơ